000 00558nam a2200217Ia 4500
005 20241129120213.0
008 241129s9999||||xx |||||||||||||| ||und||
020 _a9788119391196
037 _aTB
040 _aSDCL
_beng
_cSDCL
041 _aeng
_2eng
084 _aS6, R3
_qSDCL
100 _aSingh Saroj
_9415118
245 0 _aAbnormal Psychology
260 _aNew Delhi
_bAsia Publishers & Distributors
_c2023
300 _ax,240p.
365 _aINR
_b1800
650 _aPsychology
942 _cTB
_hS6, R3
999 _c1233787
_d1233787